000 00956cam a2200301 a 4500
001 14863976
005 20180313083644.0
008 070524s2008 njua b 001 0 eng
010 _a 2007021990
015 _aGBA738752
_2bnb
016 7 _a013751208
_2Uk
020 _a9780132308298
020 _a0132308290
035 _a(OCoLC)ocn137244753
035 _a(OCoLC)137244753
040 _aDLC
_cDLC
_dYDX
_dBTCTA
_dBAKER
_dYDXCP
_dUKM
_dIJ5
_dDLC
041 _aeng
080 _a659.1 LAN
082 0 0 _a659.1 LAN
_222
100 1 _a60
101 _aMAR
245 1 0 _aKleppner's advertising procedure /
_cW. Ronald Lane, Karen Whitehill King, J. Thomas Russell.
246 3 0 _aAdvertising procedure
504 _aIncludes bibliographical references and index.
906 _a7
_bcbc
_corignew
_d1
_eecip
_f20
_gy-gencatlg
942 _2ddc
_cBK
999 _c44895
_d44895